| 000 | 00445cam a2200181ua 4500 | ||
|---|---|---|---|
| 020 | _c10.60 | ||
| 041 |
_aeng _h |
||
| 082 |
_a541.224 _bBRO/SI |
||
| 100 | _aBrown, G I . | ||
| 245 |
_aSimple guide to modern valency theory / _cG I Brown. _hTextual Documents |
||
| 250 |
_a1 / _b. |
||
| 260 |
_aLondon : _bLongman Green and Co , _c1964. |
||
| 300 | _a174 ; . | ||
| 365 | _a10.60 | ||
| 504 | _a | ||
| 942 | _cBK | ||
| 999 |
_c9322 _d9322 |
||